Etymology Word Chain Quiz Stats

 Plays Quiz Updated Jun 16, 2018

Challenge
Share
Tweet
Score 0/30 Timer 11:00
2 Plays Today
Description Word % Correct
a three legged pedestal typically used to support a camera in photographyTripod
91.5%
a nasal cosmetic surgical procedure, a nose jobRhinoplasty
87.6%
a large land mammal characterized by large ivory hornsRhinoceros
84.6%
a cretaceous quadrupedal dinosaur characterized by large horns and a frillTriceratops
83.7%
an electronic communication device invented by Alexander Graham BellTelephone
81.4%
the study of skinDermatology
78.7%
an animal that feeds on plantsHerbivore
78.2%
a woman who is the leader of a family or groupMatriarch
78.1%
an animal that eats anythingOmnivore
77.8%
the murder of one's motherMatricide
77.5%
an apparatus containing magnifying lenses or mirrors, allowing an observer to see fartherTelescope
77.2%
a word that sounds the same as another wordHomophone
74.5%
a state of disorder caused by the absence of all governmentAnarchy
74.1%
the study of the EarthGeology
72.9%
a chemical used to kill weeds or other unwanted plantsHerbicide
72.7%
Description Word % Correct
a word that is spelled and pronounced the same as another word but with a different meaningHomonym
68.1%
all-knowing (but not all-powerful)Omniscient
65.5%
an inner voice guiding behavior famously represented by Jiminy CricketConscience
65.4%
of unknown name, unidentifiedAnonymous
62.7%
an apparatus containing mirrors allowing an observer to see around or over an obstructionPeriscope
57.5%
a class of invertebrates including octopus, squid and cuttlefishCephalopod
51.9%
an invasive procedure performed on a living specimen for experimental or informational purposesVivisection
45.8%
the procedure of cutting into pieces of a specimen for research purposesDissection
45.5%
an obsolete order of mammals which included elephants, mastodons, mammoths, and warthogsPachyderm
43.9%
friendly, lively and enjoyableConvivial
40.9%
the lowest point in a satellite's orbit around the EarthPerigee
25.9%
opposition to the withdrawal of state support of an established, usually Anglican, churchAntidisestablishmentarianism
21.7%
a cretaceous bipedal dinosaur characterized by a very thick domed skullPachycephalosaurus
19.3%
the material comprising the living part of a cell including the cytoplasm, nucleus, and organellesProtoplasm
17.1%
a negatively charged subatomic anti-matter particleAntiproton
17%

You're not logged in!

Compare scores with friends on all Sporcle quizzes.
Join for Free
OR
Log In

You Might Also Like...

Show Comments

Extras

Top Quizzes Today


Score Distribution

Your Account Isn't Verified!

In order to create a playlist on Sporcle, you need to verify the email address you used during registration. Go to your Sporcle Settings to finish the process.

Report this User

Report this user for behavior that violates our Community Guidelines.

Details: